Statistiques concernant Cours d'italien 6 - Au bar

Cliquez ici pour prendre le quiz!

Statistiques générales

  • Ce quiz a été pris 52 fois
  • Le résultat moyen est 10 sur 31

Statistiques - réponses

FranceseItaliano% Correct
VerreBicchiere
86%
La barIl bar
86%
BoireBere
82%
EauAcqua
73%
Avec du sucreCon zucchero
59%
Avec plaisirCon piacere
55%
Tu veux boire quelque chose ?Vuoi bere qualcosa ?
50%
Du caféDel caffè
41%
Du laitDel latte
41%
Du théDel tè
41%
Une bièreUna birra
41%
Deux bières s'il vous plaîtDue birre per favore
36%
Santé !Salute
32%
Une bière s'il te plaîtUna birra per favore
32%
Un thé s'il te plaîtUn tè, per favore
32%
Du vinDel vino
27%
Deux thés s'il vous plaît !Due tè per favore
27%
Vingt eurosVenti Euro
27%
Qu'est-ce que tu prends ?Che cosa prendi ?
23%
Rien, merciNiente, grazie
23%
Avec de la crèmeCon panna
18%
L'addition s'il te plaît !Il conto per favore
18%
Qu'est-ce qu'il y a à boire ?Che cosa c'è da bere ?
14%
glaçonghiaccio
9%
A la tienneAlla tua
0%
Il y a de l'eau ou des jus de fruitsC'è dell' acqua o dei succhi di frutta
0%
Qu'est-ce que vous voulez boire ?Cosa vuoi bere ?
0%
Je t'inviteE per me
0%
Pouvez-vous ajouter des glaçons s'il vous plaît ?Puo' aggiungere un po' di ghiaccio per favore ?
0%
Combien je vous dois s'il vous plaît ?Quanto Le devo, per favore ?
0%
Du chocolatUna cioccolata
0%

Distribution des résultats

Percentile par nombre de réponses

% des personnes avec chaque résultat

Votre développement - résultats

Vous n’avez pas pris ce quiz